| 000 | 00635cab a2200229 4500 | ||
|---|---|---|---|
| 001 | ABS42564 | ||
| 008 | 090401t1990 xxu||||| |||| 00| 0 eng d | ||
| 035 | _a(Sirsi) u37615 | ||
| 041 | _aeng | ||
| 100 | _aMuccini, P. | ||
| 245 | _aItalian rent law changes | ||
| 260 | _c1990 | ||
| 350 | _a0 | ||
| 490 |
_aWorld Property _vApril 1990, 29(1) |
||
| 520 | _aExplains the equo canone , the Italian fair rent law and the effect of its imminent abolition. | ||
| 650 | _aPROPERTY-COMMERCIAL PROPERTY | ||
| 650 | _aITALY | ||
| 650 |
_aLANDLORD AND TENANT _96252 |
||
| 690 | _aOVERSEAS-EUROPE | ||
| 942 | _n0 | ||
| 948 | _c04/03/1997 | ||
| 999 |
_c24263 _d24263 |
||